000 00760cam a22002174a 4500
001 12664744
005 20171002114651.0
008 020201s2002 nyua b 001 0 eng
020 _a0312238916
040 _cPK-LaUMT
082 0 0 _a271.19
_221
_bDOD-H
100 1 _aDodd, Anne W.
245 1 0 _aHow communities build stronger schools :
_bstories, strategies, and promising practices for educating every child /
_cAnne Wescott Dodd and Jean L. Konzal
260 _aNew York :
_bPalgrave Macmillan,
_c2002.
300 _axx, 347 p. :
_bill. ;
_c25 cm.
650 0 _aCommunity and school
_zUnited States.
650 0 _aHome and school
_zUnited States.
650 0 _aEducation
_xParent participation
_zUnited States.
700 1 _aKonzal, Jean L.,
942 _cBK
999 _c98665
_d98665